Visualizzazione normale
Vista MARC
- Casadio Giuseppe
di Personal Name
Records bibliografici associati: 1
001 - CONTROL NUMBER
- control field: 60560
003 - CONTROL NUMBER IDENTIFIER
- control field:
005 - DATE AND TIME OF LATEST TRANSACTION
- control field: 20240325151722.0
008 - FIXED-LENGTH DATA ELEMENTS
- fixed length control field: 240325|| aca||aabn | a|a d
040 ## - CATALOGING SOURCE
- Original cataloging agency:
- Transcribing agency:
100 ## - HEADING--PERSONAL NAME
- Personal name: Casadio Giuseppe
670 ## - SOURCE DATA FOUND
- Source citation: Work cat.: ()206341: Casadio Giuseppe, Stati generali sul lavoro delle donne in Italia, 2012